000 02695nam a2200265Ia 4500
008 220216s9999 xx 000 0 und d
100 _aKala R G
245 0 _aGenetic transformation of Hevea brasiliensis Muell. Arg. using intact explants as target tissues for Agrobacterium infection
260 _bJournal of Tropical Agriculture
_c2014
300 _a21-30
500 _aSource Year: 2014
520 _aGenetic transformation is a promising tool for the improvement of the natural rubber producing tree, Hevea brasiliensis, through the incorporation of agronomically important genes. Agrobacterium mediated genetic transformation and regeneration of transgenic plants in H. brasiliensis was previously achieved using callus as the target tissue. The present study proves the feasibility of using intact explants directly as target tissue for Agrobacterium infection. Three target tissues, viz, leaf explants from glass house and pre-cultured in modified MS medium for one week, and leaf and root explants from in vitro developed somatic plants were used in the study. A tumefaciens harbouring the binary vector carrying superoxide dismutase (MnSOD) gene for abiotic stress tolerance, GUS as reporter gene and npt II gene for antibiotic selection was used. Different explant pretreatments such as air drying in laminar air flow hood, soaking in sterile water, sterile water containing acetosyringone (40 mgl-1) and sterile water containing acetosyringone (40 mgl-1) and picloram (2.0 mgl-1) for 20 minutes were given prior to infection with Agrobacterium. Both precultured leaf and in vitro root explants soaked in sterile water containing acetosyringone (40 mg l-1) and picloram (2.0 mg l-1) responded well to bacterial infection with in vitro root explants giving maximum transformation efficiency (67 per cent). The optimum concentration of kanamycin required for selection of infected explants was 50 mg l-1 and callus induction was obtained from the infected explants after three weeks. Newly formed callus from infected root explants were proliferated and the GUS histochemical assay was positive. The genomic DNA isolated from randomly selected putatively transgenic callus lines were subjected to PCR analysis with GUS, npt II and MnSOD gene specific primers. Gene amplification was obtained using GUS (650 bp), npt II (800 bp) and MnSOD (700 bp) gene specific primers.
650 _aAgrobacterium
650 _aGM
650 _aIntact explant
650 _aMnSOD
650 _aTransformation
650 _aTransgenic
700 _aJayashree R
700 _aReshmi J
700 _aSobha S
700 _aThulaseedharan A
856 _uCopy of article
942 _cJS
999 _c59865
_d59865